|
|
|
|
| LEADER |
00000nam0a2200000 4500 |
| 001 |
276450 |
| 005 |
20231101234924.0 |
| 035 |
|
|
|a (RuTPU)RU\TPU\book\299722
|
| 090 |
|
|
|a 276450
|
| 100 |
|
|
|a 20141122d1984 km y0rusy50 ca
|
| 101 |
0 |
|
|a rus
|
| 102 |
|
|
|a RU
|
| 105 |
|
|
|a a z 001zy
|
| 200 |
1 |
|
|a Вибрационные преобразователи движения
|f под ред. К. М. Рагульскиса
|
| 210 |
|
|
|a Ленинград
|c Машиностроение
|d 1984
|
| 215 |
|
|
|a 64 с.
|c ил.
|
| 225 |
1 |
|
|a Библиотека инженера. Вибрационная техника
|v Вып. 1
|
| 320 |
|
|
|a Библиогр.: с. 62-63
|
| 606 |
1 |
|
|a Виброзащита
|2 stltpush
|3 (RuTPU)RU\TPU\subj\51892
|9 70395
|
| 610 |
1 |
|
|a вибрации
|
| 610 |
1 |
|
|a вибрационные преобразователи
|
| 610 |
1 |
|
|a конструкции
|
| 610 |
1 |
|
|a конструкционные схемы
|
| 610 |
1 |
|
|a вибростабилизаторы
|
| 675 |
|
|
|a 62-752
|v 4
|
| 702 |
|
1 |
|a Рагульскис
|b К. М.
|4 340
|
| 801 |
|
1 |
|a RU
|b 63413507
|c 20141122
|
| 801 |
|
2 |
|a RU
|b 63413507
|c 20190221
|g RCR
|
| 942 |
|
|
|c BK
|